000 00782nam a22001817a 4500
005 20250106165607.0
010 _aHIN-129120
020 _a9789384046330
_c350.00
035 _aHN-101466
037 _bDBAD
082 _a
100 _aटैगोर, रवीन्द्रनाथ
_975941
245 _aअतिथि/
_cरवीन्द्रनाथ टैगोर
260 _aदिल्ली
_bसोरभ प्रकाशन
_c2019
270 _aजी-1/157 मेन 25 फुटा रोड पांचवा पुस्ता (नियर टोल टेक्स) सोनिया बिहार
_bदिल्ली
_e110090
300 _a144पृ.
_c22सेमी (सजिल्द)
942 _2ddc
_cHN
_h
_mटैगोर
999 _c208071
_d208071